[Event "OPEN DE GROS"]
[Site "?"]
[Date "2017.06.27"]
[Round "6.10"]
[White "Etchegaray, Patrice"]
[Black "Flear, Christine"]
[Result "1-0"]
[WhiteElo "2359"]
[BlackElo "2078"]
[LiveChessVersion "1.4.8"]

1. d4 d5 2. Nf3 Nf6 3. c4 c6 4. Nc3 g6 5. cxd5 cxd5 6. Bf4 Bg7 7. e3 O-O 8.
h3 Nc6 9. Be2 h6 10. Ne5 Be6 11. O-O Nd7 12. Nxc6 bxc6 13. Na4 Nb6 14. Nc5
Bc8 15. Rc1 Re8 16. Nd3 Bb7 17. Ne5 Bxe5 18. Bxe5 Nd7 19. Bf4 g5 20. Bg3 e5
21. dxe5 Nxe5 22. Qb3 Qb6 23. Qc3 Nd7 24. Rfd1 Qd8 25. Bd3 Qe7 26. Qb3 Nf8
27. Qc3 a5 28. b3 Ne6 29. Be5 c5 30. Bf6 Qd7 31. Bf5 Qc6 32. f3 Ra7 33. h4
Ba8 34. hxg5 hxg5 35. Kf2 1-0

[Event "OPEN DE GROS"]
[Site "?"]
[Date "2017.06.27"]
[Round "6.11"]
[White "Diaz Velandia, Jose Manuel"]
[Black "Alonso Garcia, Rene Marcial"]
[Result "1/2-1/2"]
[WhiteElo "2345"]
[BlackElo "2358"]
[LiveChessVersion "1.4.8"]

1. d4 Nf6 2. Nf3 g6 3. c4 Bg7 4. Nc3 d5 5. cxd5 Nxd5 6. Qb3 Nxc3 7. bxc3
O-O 8. e3 c5 9. Be2 b6 10. Ba3 Qc7 11. O-O Nc6 12. dxc5 Be6 13. Qb2 bxc5
14. Bxc5 Qa5 15. Qa3 Qxc3 16. Qxc3 Bxc3 17. Rac1 Bb2 18. Rc2 Rab8 19. Nd4
Bxd4 20. exd4 Bd5 1/2-1/2

[Event "OPEN DE GROS"]
[Site "?"]
[Date "2017.06.27"]
[Round "6.12"]
[White "Andres Gonzalez, Ivan"]
[Black "Abalia Patino, Aritz"]
[Result "1-0"]
[WhiteElo "2375"]
[BlackElo "2061"]
[LiveChessVersion "1.4.8"]

1. e4 c5 2. Nc3 a6 3. Nf3 e6 4. d4 cxd4 5. Nxd4 Qc7 6. Be2 Nf6 7. O-O Be7
8. Be3 d6 9. f4 Nbd7 10. Qe1 b5 11. Qg3 b4 12. Na4 Nxe4 13. Qxg7 Bf6 14.
Qh6 Ndc5 15. Bf3 Bb7 16. Nxc5 Qxc5 17. Rad1 Rg8 18. f5 Bxd4 19. Rxd4 Qxf5
20. Bxe4 Bxe4 21. Rxf5 Rxg2+ 22. Kf1 exf5 23. Rxe4+ 1-0

[Event "OPEN DE GROS"]
[Site "?"]
[Date "2017.06.28"]
[Round "7.1"]
[White "Anurag, Mhamal"]
[Black "Martinez Duany, Lelys Stanley"]
[Result "1/2-1/2"]
[WhiteElo "2466"]
[BlackElo "2494"]
[LiveChessVersion "1.4.8"]

1. Nf3 c5 2. g3 g6 3. Bg2 Bg7 4. c4 Nc6 5. Nc3 d6 6. O-O e6 7. b3 Nge7 8.
Bb2 O-O 9. e3 d5 10. cxd5 exd5 11. Na4 Bxb2 12. Nxb2 Bg4 13. h3 Bxf3 14.
Qxf3 Qd6 15. Rac1 Rad8 16. Qf4 Qxf4 17. gxf4 b6 18. a3 Na5 19. b4 Nb3 20.
Rc3 Nxd2 21. Rd1 Ne4 22. Bxe4 cxb4 23. Rcd3 bxa3 24. Na4 b5 25. Nc3 b4 26.
Nxd5 Nxd5 27. Bxd5 a5 28. e4 Rd7 29. Kf1 a4 30. Rd4 Rb8 31. Ke2 Ra7 32. Ra1
Ra5 33. h4 h5 34. Bc4 Rc5 35. Kd2 b3 36. Rxa3 Rxc4 37. Rxc4 b2 38. Rc1
bxc1=Q+ 39. Kxc1 Rb4 40. f3 Rb3 41. Rxa4 Rxf3 42. e5 Rh3 43. f5 gxf5 44.
Rf4 Kg7 45. Rxf5 Rxh4 46. Kd2 Rh1 47. Ke2 h4 48. Kf2 Ra1 49. Kg2 Ra4 50.
Kh3 Re4 51. Rg5+ Kh6 52. Rf5 Kg6 53. Rf6+ Kg7 54. Rf5 Kf8 55. e6 Rxe6 56.
Kxh4 Rg6 57. Rg5 Ra6 58. Kg4 Ke7 59. Re5+ Kf6 60. Rf5+ Ke6 61. Kg5 Ra1 62.
Rf6+ Ke7 63. Rb6 f6+ 64. Kf5 Ra5+ 65. Kf4 Kf7 66. Rb8 Ra1 67. Rb3 Rf1+ 68.
Rf3 Rh1 69. Ra3 Kg6 70. Rg3+ Kh5 71. Rf3 1/2-1/2

[Event "OPEN DE GROS"]
[Site "?"]
[Date "2017.06.28"]
[Round "7.2"]
[White "Andres Gonzalez, Alberto"]
[Black "Velten, Paul"]
[Result "1/2-1/2"]
[WhiteElo "2518"]
[BlackElo "2449"]
[LiveChessVersion "1.4.8"]

1. Nf3 d5 2. d4 Nf6 3. c4 dxc4 4. e3 e6 5. Bxc4 c5 6. O-O Nc6 7. dxc5 Qxd1
8. Rxd1 Bxc5 9. a3 a6 10. b4 Be7 11. Bb2 O-O 12. Nbd2 Rd8 13. Rac1 Bd7 14.
Nb3 Be8 15. Rxd8 Rxd8 16. Be2 Nd7 17. Nfd4 Ndb8 18. f4 Nxd4 19. Bxd4 Nc6
20. Bb6 Ra8 21. Bf3 Rb8 22. Kf2 Kf8 23. Rc3 Bd7 24. Bc5 Ke8 25. Bxe7 Nxe7
26. Nc5 Nd5 27. Bxd5 1/2-1/2

[Event "OPEN DE GROS"]
[Site "?"]
[Date "2017.06.28"]
[Round "7.3"]
[White "Alonso Bouza, Julio Javier"]
[Black "Romero Holmes, Alfonso"]
[Result "0-1"]
[WhiteElo "2385"]
[BlackElo "2438"]
[LiveChessVersion "1.4.8"]

1. e4 c5 2. Nf3 d6 3. d4 cxd4 4. Nxd4 Nf6 5. Nc3 Nc6 6. Bc4 Bd7 7. O-O g6
8. Nxc6 Bxc6 9. Bg5 Bg7 10. Nd5 Bxd5 11. exd5 O-O 12. Re1 Qd7 13. a4 Qf5
14. Bxf6 Bxf6 15. c3 Rfc8 16. Bb3 Rc5 17. Qe2 Rb8 18. Qd2 a5 19. c4 Ra8 20.
Rad1 Qd7 21. Re4 Ra6 22. Rde1 Rb6 23. R1e3 Qd8 24. Rh3 Qf8 25. g4 h6 26.
Kg2 Rb4 27. Rd3 b5 28. axb5 Rcxb5 29. cxb5 Rxe4 30. Qxa5 Rxg4+ 31. Rg3 Rf4
32. Rf3 Rxf3 33. Kxf3 Qc8 34. Qb4 Bd4 35. Qxd4 Qh3+ 36. Ke2 Qxb3 37. b6 f6
38. Kf1 Kf7 39. Ke2 Ke8 40. Kd2 Kd7 41. Kc1 Qb5 42. Kb1 Qb3 43. Kc1 f5 44.
h4 g5 45. hxg5 hxg5 46. Kb1 Kc8 47. Qd2 Kb7 48. Qxg5 Qd1+ 49. Ka2 Qxd5+ 50.
Ka1 Qd1+ 51. Ka2 Qa4+ 52. Kb1 Qe4+ 53. Ka2 Kxb6 54. Qg8 Kc5 55. Qc8+ Kd4
56. Qc3+ Kd5 57. Qa5+ Ke6 58. Qd8 Qc4+ 59. Ka3 Qc5+ 60. b4 Qxf2 61. b5 f4
62. b6 Qc5+ 63. Ka4 Qc6+ 64. Ka5 f3 65. Qg8+ Kf5 66. Qf7+ Kg4 67. Qxe7 Qc5+
68. Ka6 Qc4+ 69. Ka5 Qd5+ 70. Ka6 Qd3+ 71. Ka7 f2 72. Qg7+ Kf3 73. Qf6+ Ke2
74. Qe6+ Kd1 75. Qg4+ Ke1 76. Qb4+ Ke2 77. Qb2+ Ke3 78. Qc1+ Kf3 79. Qc6+
Kg3 80. b7 Qa3+ 81. Kb6 f1=Q 82. b8=Q Qb4+ 83. Kc7 Qf7+ 84. Kc8 Qg4+ 0-1

[Event "OPEN DE GROS"]
[Site "?"]
[Date "2017.06.28"]
[Round "7.4"]
[White "Etchegaray, Patrice"]
[Black "Favarel, Antoine"]
[Result "1/2-1/2"]
[WhiteElo "2359"]
[BlackElo "2386"]
[LiveChessVersion "1.4.8"]

1. e4 c5 2. Nf3 Nc6 3. Bb5 g6 4. c3 Nf6 5. Qe2 Bg7 6. O-O O-O 7. Rd1 Qb6 8.
Na3 d5 9. e5 Ne8 10. h3 Nc7 11. Bxc6 bxc6 12. d3 Ne6 13. Ng5 Nxg5 14. Bxg5
f6 15. exf6 exf6 16. Be3 Re8 17. Qd2 Be6 18. Nc2 a5 19. b3 Bf7 20. Rab1 Bf8
21. Re1 Qc7 22. Bf4 Qd7 23. Ne3 Be6 24. Nc2 Bf7 25. Ne3 Be6 26. Nc2 Bf7 27.
Ne3 1/2-1/2

[Event "OPEN DE GROS"]
[Site "?"]
[Date "2017.06.28"]
[Round "7.5"]
[White "Philippe, Guillaume"]
[Black "Oratovsky, Michael"]
[Result "1-0"]
[WhiteElo "2342"]
[BlackElo "2501"]
[LiveChessVersion "1.4.8"]

1. e4 c5 2. Nf3 e6 3. d4 cxd4 4. Nxd4 a6 5. Nc3 b5 6. Bd3 d6 7. O-O Nf6 8.
Qe2 Be7 9. Bd2 O-O 10. b4 Qb6 11. Nf3 Nc6 12. Rab1 Nd7 13. a4 bxa4 14. Nxa4
Qc7 15. c4 Nce5 16. Nxe5 Nxe5 17. Be3 Rb8 18. Rfc1 Bd7 19. b5 Rfc8 20. b6
Qc6 21. Ra1 Bf6 22. Ra2 Qb7 23. c5 Nxd3 24. Qxd3 Bxa4 25. Rxa4 dxc5 26.
Rxc5 Rxc5 27. Bxc5 Rd8 28. Qf1 Qc6 29. Rc4 Rc8 30. g3 h5 31. Kg2 Qb7 32.
Be3 Rxc4 33. Qxc4 Bd8 34. f3 Kf8 35. Qc5+ Kg8 36. Qd6 Qc8 37. b7 1-0

[Event "OPEN DE GROS"]
[Site "?"]
[Date "2017.06.28"]
[Round "7.6"]
[White "Prieto Aranguren, Alain"]
[Black "Stany, G.A."]
[Result "0-1"]
[WhiteElo "2266"]
[BlackElo "2489"]
[LiveChessVersion "1.4.8"]

1. d4 Nf6 2. g3 g6 3. Bg2 Bg7 4. Nf3 d5 5. O-O O-O 6. c4 dxc4 7. Na3 c3 8.
bxc3 c5 9. e3 Nc6 10. Bb2 Qa5 11. Nc4 Qa6 12. Ncd2 Rd8 13. Qb1 e5 14. Re1
Qa4 15. Qd1 Qxd1 16. Rexd1 exd4 17. cxd4 Nd5 18. Nc4 Nb6 19. Nce5 Nxe5 20.
Nxe5 Na4 21. Ba3 Nc3 22. Re1 cxd4 23. exd4 Nb5 24. Bb2 Nxd4 25. Rac1 Be6
26. Rc7 Rac8 27. Rxb7 Bxe5 28. Rxe5 Ne2+ 29. Kf1 Rc2 30. Ke1 Nc1 31. Bf1
Bg4 32. f3 Bxf3 33. Rd7 Rb8 34. Rb5 Rxb2 0-1

[Event "OPEN DE GROS"]
[Site "?"]
[Date "2017.06.28"]
[Round "7.7"]
[White "Gavasheli, Ana"]
[Black "Flear, Glenn C"]
[Result "0-1"]
[WhiteElo "2227"]
[BlackElo "2455"]
[LiveChessVersion "1.4.8"]

1. d4 d5 2. Nf3 Nf6 3. e3 g6 4. c4 Bg7 5. Nc3 O-O 6. b3 c5 7. cxd5 Nxd5 8.
Nxd5 Qxd5 9. Bc4 Qd8 10. Ne5 cxd4 11. exd4 Bxe5 12. dxe5 Qa5+ 13. Kf1 Qxe5
14. Bh6 Re8 15. Qe1 Nc6 16. h4 Bf5 17. Qxe5 Nxe5 18. Bd5 Bd3+ 19. Kg1 Ba6
20. Re1 Nd3 21. Re3 Nb4 22. Be4 Nxa2 23. h5 Rad8 24. Bf3 Nb4 25. hxg6 hxg6
26. Re4 Nc6 27. Be3 f5 28. Reh4 Ne5 29. Bd5+ Rxd5 30. Rh8+ Kf7 31. R1h7+
Kf6 32. Rxe8 Ng4 33. Rf8+ Ke6 34. g3 Bb5 35. Kg2 Rd1 36. Kf3 g5 37. Bxg5
Ne5+ 38. Kg2 Bf1+ 39. Kh1 Be2+ 40. Kh2 Nf3+ 0-1

[Event "OPEN DE GROS"]
[Site "?"]
[Date "2017.06.28"]
[Round "7.8"]
[White "Argandona Riveiro, Inigo"]
[Black "Diaz Velandia, Jose Manuel"]
[Result "0-1"]
[WhiteElo "2430"]
[BlackElo "2345"]
[LiveChessVersion "1.4.8"]

1. e4 c5 2. Nf3 Nc6 3. d4 cxd4 4. Nxd4 g6 5. c4 Nf6 6. Nc3 Nxd4 7. Qxd4 d6
8. Be2 Bg7 9. Bg5 O-O 10. Qd2 Be6 11. Rc1 Rc8 12. b3 Qa5 13. f3 a6 14. O-O
Rfe8 15. Rfd1 Nd7 16. Nd5 Qxd2 17. Rxd2 f6 18. Be3 f5 19. exf5 Bxf5 20. Bg5
Kf7 21. g4 Be6 22. f4 Bxd5 23. Rxd5 Bf6 24. Bh6 Rc7 25. Rf1 Bg7 26. Bg5 Nb6
27. Rd3 Bf6 28. h4 Bxg5 29. hxg5 Kg7 30. Re3 Rf8 31. Re6 Rf7 32. f5 Nd7 33.
Rxe7 Rxe7 34. f6+ Kf7 35. fxe7+ Kxe7 36. Bf3 Ne5 37. Bd5 b5 38. Rf4 bxc4
39. bxc4 Rc8 40. Rf6 a5 41. a4 Rc5 42. Rf4 Rc8 43. Rf6 Rc5 44. Rf4 Kd7 45.
Kg2 Rc8 46. Rf6 Rb8 47. Kg3 Rb3+ 48. Kh4 Rb8 49. Rf4 Ke7 50. Rf6 Rf8 51.
Re6+ Kd7 52. Kg3 Rf3+ 53. Kh4 Rf4 54. c5 Rxg4+ 55. Kh3 Rxg5 56. Rxd6+ Kc7
57. Ra6 Nd7 58. Ra7+ Kd8 59. Bc6 Rh5+ 60. Kg4 Ne5+ 61. Kg3 Nd7 0-1

[Event "OPEN DE GROS"]
[Site "?"]
[Date "2017.06.28"]
[Round "7.9"]
[White "Lazarev, Vladimir"]
[Black "Ni, Viktorija"]
[Result "1-0"]
[WhiteElo "2416"]
[BlackElo "2175"]
[LiveChessVersion "1.4.8"]

1. d4 Nf6 2. c4 e6 3. Nf3 d5 4. e3 Bb4+ 5. Nbd2 O-O 6. a3 Be7 7. Qc2 b6 8.
Bd3 Bb7 9. cxd5 exd5 10. b4 Nbd7 11. Rb1 Bd6 12. O-O Re8 13. Bb2 Ne4 14.
Rfc1 Qf6 15. Nf1 a6 16. Ne5 Nxe5 17. dxe5 Bxe5 18. Bxe5 Rxe5 19. f3 Nd6 20.
Qxc7 b5 21. Qb6 Re7 22. Rb3 Nc4 23. Qxf6 gxf6 24. Kf2 Rae8 25. Rd1 Kg7 26.
Bf5 Re5 27. g4 Bc6 28. Rdd3 R5e7 29. Ng3 a5 30. Nh5+ Kh6 31. Nxf6 a4 32.
Rbc3 d4 33. exd4 Re2+ 34. Kg3 R8e3 35. d5 Bb7 36. Rxe3 Nxe3 37. d6 Nxf5+
38. gxf5 Rd2 39. Rc7 Ba8 40. Rxf7 Rxd6 41. Kh4 1-0

[Event "OPEN DE GROS"]
[Site "?"]
[Date "2017.06.28"]
[Round "7.10"]
[White "Del Rey, Diego"]
[Black "Andres Gonzalez, Ivan"]
[Result "1/2-1/2"]
[WhiteElo "2349"]
[BlackElo "2375"]
[LiveChessVersion "1.4.8"]

1. e4 c5 2. Nf3 d6 3. Bb5+ Nd7 4. O-O a6 5. Bd3 Ngf6 6. Re1 e6 7. c3 Be7 8.
Bc2 b5 9. d4 e5 10. a4 Bb7 11. Qe2 b4 12. a5 O-O 13. d5 bxc3 14. Nxc3 Ne8
15. Nd2 Nc7 16. Ba4 Rb8 17. Nc4 Bc8 18. Ne3 Bg5 19. g3 Rb4 20. b3 Rb8 21.
Bd2 Nf6 1/2-1/2

[Event "OPEN DE GROS"]
[Site "?"]
[Date "2017.06.28"]
[Round "7.11"]
[White "Alonso Garcia, Rene Marcial"]
[Black "Tsatsalashvili, Keti"]
[Result "1/2-1/2"]
[WhiteElo "2358"]
[BlackElo "2248"]
[LiveChessVersion "1.4.8"]

1. c4 Nf6 2. d4 e6 3. Nc3 d5 4. Bg5 Be7 5. e3 O-O 6. Nf3 c6 7. Qc2 Nbd7 8.
cxd5 Nxd5 9. Bxe7 Qxe7 10. Be2 Nxc3 11. Qxc3 c5 12. O-O b6 13. dxc5 Nxc5
14. Rfc1 Bb7 15. b4 Ne4 16. Qc7 Qxc7 17. Rxc7 Bd5 18. Ba6 Rfd8 19. Ne5 f6
20. Nc6 Bxc6 21. Rxc6 Rd6 22. Rc4 f5 23. Rac1 Rad8 24. Rc8 Kf7 25. Rxd8
Rxd8 26. a3 Rd2 27. f3 Nf6 28. Rc7+ Rd7 1/2-1/2

[Event "OPEN DE GROS"]
[Site "?"]
[Date "2017.06.28"]
[Round "7.12"]
[White "Toro, Guillermo"]
[Black "Sos Andreu, Eric"]
[Result "0-1"]
[WhiteElo "2060"]
[BlackElo "2353"]
[LiveChessVersion "1.4.8"]

1. e4 c5 2. Nf3 Nc6 3. d4 cxd4 4. Nxd4 g6 5. c4 Nf6 6. Nc3 d6 7. Be2 Nxd4
8. Qxd4 Bg7 9. Be3 O-O 10. Qd2 Be6 11. O-O Qa5 12. Nd5 Qxd2 13. Nxe7+ Kh8
14. Bxd2 Nxe4 15. Be3 f5 16. Rad1 Bxb2 17. Rb1 Bf6 18. Rxb7 Rf7 0-1

[Event "OPEN DE GROS"]
[Site "?"]
[Date "2017.06.29"]
[Round "8.1"]
[White "Romero Holmes, Alfonso"]
[Black "Anurag, Mhamal"]
[Result "0-1"]
[WhiteElo "2438"]
[BlackElo "2466"]
[LiveChessVersion "1.4.8"]

1. c4 Nf6 2. Nc3 c5 3. Nf3 g6 4. d4 cxd4 5. Nxd4 Bg7 6. e4 O-O 7. Be2 Nc6
8. Nc2 b6 9. O-O Bb7 10. Bg5 h6 11. Be3 Rc8 12. f3 e6 13. Qd6 Na5 14. Na3
Ba6 15. b3 Nd5 16. Nxd5 exd5 17. Qxd5 Qe7 18. Nc2 Bxa1 19. Rxa1 Kh7 20. Qd2
h5 21. Rd1 Nc6 22. Bf4 Ne5 23. Ne3 f6 24. Nd5 Qe6 25. Be3 Bb7 26. Nc3 f5
27. Nb5 fxe4 28. f4 Nd3 29. Bxd3 exd3 30. Qxd3 d5 31. Nd4 Qg4 32. Nf3 d4
33. Ng5+ Kh6 34. g3 dxe3 35. Qd7 Rc7 0-1

[Event "OPEN DE GROS"]
[Site "?"]
[Date "2017.06.29"]
[Round "8.2"]
[White "Martinez Duany, Lelys Stanley"]
[Black "Andres Gonzalez, Alberto"]
[Result "1/2-1/2"]
[WhiteElo "2494"]
[BlackElo "2518"]
[LiveChessVersion "1.4.8"]

1. Nf3 Nf6 2. c4 e6 3. g3 b6 4. Bg2 Bb7 5. O-O c5 6. Nc3 Nc6 7. b3 Be7 8.
Bb2 O-O 9. d4 Nxd4 10. Nxd4 Bxg2 11. Kxg2 cxd4 12. Qxd4 Qc7 13. Qf4 Qc6+
14. Qf3 Rfd8 15. Rfd1 a6 16. a4 Rac8 17. Rd3 d6 18. Rad1 Nd7 19. Ne4 Nc5
20. Re3 Nxe4 1/2-1/2

[Event "OPEN DE GROS"]
[Site "?"]
[Date "2017.06.29"]
[Round "8.3"]
[White "Stany, G.A."]
[Black "Etchegaray, Patrice"]
[Result "1-0"]
[WhiteElo "2489"]
[BlackElo "2359"]
[LiveChessVersion "1.4.8"]

1. e4 c5 2. Nf3 Nc6 3. Bb5 g6 4. Bxc6 bxc6 5. O-O Bg7 6. Re1 f6 7. c3 Nh6
8. h3 d6 9. d4 cxd4 10. cxd4 O-O 11. Qc2 Bd7 12. b3 Nf7 13. Bb2 Qa5 14.
Nbd2 Rac8 15. Rad1 d5 16. Bc3 Qd8 17. Bb4 Re8 18. e5 Bf5 19. Qc3 Qd7 20.
Qe3 Be6 21. Nb1 Bh6 22. Qe2 Bg7 23. Bc5 Qc7 24. Nc3 g5 25. Rd3 Nh8 26. Re3
Ng6 27. Qa6 Qd7 28. exf6 exf6 29. Qxa7 Rc7 30. Qa5 Nf4 31. Ne2 Nxe2+ 32.
R1xe2 Rcc8 33. Qe1 Bf7 34. a4 Re4 35. a5 Qb7 36. Rxe4 dxe4 37. Rxe4 Qxb3
38. a6 Bf8 39. a7 Bxc5 40. dxc5 Qa3 41. Re7 Qxc5 42. Rb7 Qf8 43. Qb1 c5 44.
Qf5 1-0

[Event "OPEN DE GROS"]
[Site "?"]
[Date "2017.06.29"]
[Round "8.4"]
[White "Flear, Glenn C"]
[Black "Favarel, Antoine"]
[Result "1-0"]
[WhiteElo "2455"]
[BlackElo "2386"]
[LiveChessVersion "1.4.8"]

1. d4 Nf6 2. c4 e6 3. Nc3 Bb4 4. e3 O-O 5. Bd3 d5 6. Nf3 c5 7. O-O Nc6 8.
a3 Ba5 9. cxd5 exd5 10. h3 c4 11. Bc2 Re8 12. Bd2 a6 13. b3 b5 14. bxc4
bxc4 15. Re1 Rb8 16. Rb1 Rxb1 17. Qxb1 Bxc3 18. Bxc3 Ne4 19. Bxe4 dxe4 20.
Nd2 Be6 21. Nxe4 Bf5 22. f3 Qd5 23. Qb7 Bxe4 24. fxe4 Qxe4 25. Qxa6 Ne7 26.
Qxc4 Rc8 27. Qb5 h6 28. Bd2 Rc2 29. Re2 Nf5 30. a4 h5 31. Rf2 g6 32. a5 h4
33. a6 Ra2 34. Qc4 Ra1+ 35. Rf1 Nxe3 36. Qxf7+ Kh8 37. Bxe3 Qxe3+ 38. Qf2
Rxf1+ 39. Kxf1 Qc1+ 40. Qe1 Qf4+ 41. Kg1 Qxd4+ 42. Kh1 Qa4 43. Qe5+ Kh7 44.
Qc7+ Kh6 45. a7 1-0

[Event "OPEN DE GROS"]
[Site "?"]
[Date "2017.06.29"]
[Round "8.5"]
[White "Sos Andreu, Eric"]
[Black "Velten, Paul"]
[Result "1/2-1/2"]
[WhiteElo "2353"]
[BlackElo "2449"]
[LiveChessVersion "1.4.8"]

1. d4 d5 2. c4 dxc4 3. e3 Nf6 4. Bxc4 e6 5. Nf3 a6 6. O-O c5 7. dxc5 Qxd1
8. Rxd1 Bxc5 9. a3 b5 10. Be2 Bb7 11. b4 Be7 12. Bb2 Nbd7 13. Nbd2 O-O 14.
Rac1 Rfc8 15. Kf1 Nb6 16. Rxc8+ Rxc8 17. Rc1 Rxc1+ 18. Bxc1 Nfd5 19. Bb2 f6
20. Nd4 Kf7 21. Bf3 g6 22. N4b3 e5 23. Bd1 Nc7 24. Bf3 Bxf3 25. Nxf3 Nc4
26. Bc1 Nd5 27. Nfd2 Nxd2+ 28. Nxd2 Ke6 29. e4 Nb6 30. Ke2 f5 31. Kd3 Bg5
32. f3 Bf4 33. g3 Bxd2 34. Bxd2 Nc4 35. Bc1 Nd6 36. Bd2 Kf6 37. h4 h5 38.
Bg5+ Ke6 39. Bc1 fxe4+ 40. fxe4 Nf7 41. Bg5 Nd6 42. Bc1 Ne8 43. Bg5 Kf7 44.
Bd8 Ke6 45. Bg5 Kd7 46. Kc3 Nc7 47. Kd3 Ne6 48. Bf6 Kd6 49. Bg5 Nxg5 50.
hxg5 Kd7 51. Kd2 Ke8 52. Ke1 1/2-1/2

[Event "OPEN DE GROS"]
[Site "?"]
[Date "2017.06.29"]
[Round "8.6"]
[White "Diaz Velandia, Jose Manuel"]
[Black "Lazarev, Vladimir"]
[Result "0-1"]
[WhiteElo "2345"]
[BlackElo "2416"]
[LiveChessVersion "1.4.8"]

1. d4 Nf6 2. Nf3 c5 3. e3 g6 4. c3 Qc7 5. Bd3 d5 6. Nbd2 Nbd7 7. O-O Bg7 8.
e4 cxd4 9. Nxd4 O-O 10. exd5 Nxd5 11. Nb5 Qb8 12. Nf3 a6 13. Na3 Nf4 14.
Bc2 Nf6 15. Re1 Bg4 16. Bxf4 Qxf4 17. Qd4 Qc7 18. Ne5 Be6 19. Nd3 Rfd8 20.
Qc5 Rac8 21. Qxc7 Rxc7 22. Nf4 Bg4 23. h3 Bc8 24. Bb3 Bh6 25. Ne2 Ne4 26.
Nd4 Nc5 27. Bc2 Bg7 28. Nb3 Na4 29. Rab1 b5 30. Re3 e6 31. Na5 Nb6 32. Be4
e5 33. Bf3 Be6 34. Nc2 Bxa2 35. Ra1 Bd5 36. Nb4 Bxf3 37. Rxf3 Rd2 38. Nxa6
Rc8 39. Rb1 Na4 40. Nb3 Rxb2 41. Rxb2 Nxb2 42. Re3 Nd1 43. Rd3 Nxc3 44. Rd7
e4 45. Nac5 Bf8 46. Nb7 Ne2+ 47. Kf1 Nf4 48. g3 Nxh3 49. Kg2 Ng5 50. Rd5 f5
51. Rxb5 Rc2 52. Nd4 Rd2 53. Nxf5 gxf5 54. Rxf5 h6 55. Kf1 Be7 56. Na5 Rc2
57. Nb3 Kg7 58. Nd4 Rd2 59. Nc6 Bd6 60. Ke1 Rc2 61. Nd4 Bb4+ 62. Kf1 Rd2
63. Ne2 Kg6 64. Rb5 Bd6 65. Nc3 e3 66. f4 Rf2+ 67. Ke1 Nf3+ 68. Kd1 Rd2+
69. Kc1 Ba3+ 70. Kb1 e2 71. Rb6+ Kh5 72. Nxe2 Rxe2 73. g4+ Kxg4 74. Rxh6
Rb2+ 0-1

[Event "OPEN DE GROS"]
[Site "?"]
[Date "2017.06.29"]
[Round "8.7"]
[White "Andres Gonzalez, Ivan"]
[Black "Philippe, Guillaume"]
[Result "1/2-1/2"]
[WhiteElo "2375"]
[BlackElo "2342"]
[LiveChessVersion "1.4.8"]

1. e4 c5 2. Nc3 a6 3. Nf3 e6 4. d4 cxd4 5. Nxd4 Qc7 6. Be2 b5 7. Bf3 Bb7 8.
O-O Nc6 9. Nxc6 dxc6 10. e5 Qxe5 11. Re1 Qc7 12. a4 b4 13. Ne4 Rd8 14. Qe2
Be7 15. Qc4 c5 16. Be3 Nf6 17. Nxf6+ gxf6 18. Bxb7 Qxb7 19. Qg4 Kd7 20.
Rad1+ Kc8 21. Qh5 1/2-1/2

[Event "OPEN DE GROS"]
[Site "?"]
[Date "2017.06.29"]
[Round "8.8"]
[White "Pena Duarte, Fabian Dario"]
[Black "Alonso Bouza, Julio Javier"]
[Result "1/2-1/2"]
[WhiteElo "2226"]
[BlackElo "2385"]
[LiveChessVersion "1.4.8"]

1. e4 c5 2. Nf3 d6 3. Nc3 a6 4. d3 Nc6 5. g3 g6 6. Bg2 Bg7 7. O-O e6 8. Be3
Nge7 9. d4 cxd4 10. Nxd4 O-O 11. h3 b5 12. Nxc6 Nxc6 13. e5 d5 14. f4 Qc7
15. Kh2 Bb7 16. Ne2 Rac8 17. c3 a5 18. Nd4 Ba6 19. Re1 b4 20. Rc1 Nxd4 21.
Bxd4 Qb7 22. Qa4 bxc3 23. bxc3 Qb5 24. Qa3 Rb8 25. Rc2 Rfc8 26. Bf1 Qc6 27.
g4 Rb4 28. Rf2 Ra4 29. Qe7 Bf8 30. Qh4 Bc4 31. f5 Rxa2 32. Bxc4 Rxf2+ 33.
Qxf2 dxc4 34. Rf1 Rc7 35. h4 a4 36. fxg6 hxg6 37. h5 Qe4 38. Qg3 Rb7 39.
Rf4 Rb2+ 40. Bf2 Qc2 41. Kh3 Bg7 42. Bd4 Rb1 43. Qf3 Qd1 44. Qxd1 Rxd1 45.
hxg6 fxg6 46. Rf2 a3 47. Ra2 Bf8 48. Kg3 Rb1 49. Kf3 Rb2 50. Ra1 a2 51. Be3
Kf7 52. Ke4 Bg7 53. Kd4 Re2 54. Bf4 g5 55. Bxg5 Bxe5+ 56. Kxc4 Rc2 57. Kb3
Rxc3+ 58. Kxa2 Rg3 59. Rf1+ Kg6 60. Bf4 Bxf4 61. Rxf4 Re3 62. Kb2 Kg5 63.
Rc4 e5 64. Kc2 Rf3 65. Re4 Rf4 66. Rxe5+ Kxg4 1/2-1/2

[Event "OPEN DE GROS"]
[Site "?"]
[Date "2017.06.29"]
[Round "8.9"]
[White "Buiza Prieto, Eihartze"]
[Black "Alonso Garcia, Rene Marcial"]
[Result "0-1"]
[WhiteElo "2130"]
[BlackElo "2358"]
[LiveChessVersion "1.4.8"]

1. e4 c5 2. Nf3 d6 3. d4 cxd4 4. Nxd4 Nf6 5. Nc3 a6 6. Be2 e6 7. O-O Qc7 8.
Kh1 b5 9. a3 Bb7 10. f3 Nbd7 11. Qe1 Be7 12. Qg3 O-O 13. Bh6 Nh5 14. Qh3
gxh6 15. Qxh5 Qc5 16. Qg4+ Qg5 17. f4 Qxg4 18. Bxg4 Rfd8 19. Rad1 Bf8 20.
Bf3 Nb6 21. Be2 Rac8 22. f5 e5 23. Nf3 f6 24. Nd2 d5 25. exd5 Nxd5 26. Nxd5
Bxd5 27. Bd3 Be7 28. Rfe1 Rc7 29. Ne4 Rcd7 30. Nc3 Bc6 31. Re3 Kf8 32. Rde1
Rd4 33. h3 h5 34. Kh2 h4 35. R3e2 Kf7 36. Rf1 Bf8 37. Ne4 a5 38. Nd2 Bd6
39. Kh1 Bc7 40. Ne4 Bb6 41. Nd2 Kf8 42. Ne4 Ke7 43. Nd2 Kf7 44. Ne4 Kg7 45.
Nd2 Re8 46. Ne4 Kf7 47. Rfe1 Rb8 48. Ra1 Ke7 49. Rae1 Be8 50. Nd2 Bc6 51.
Ne4 a4 52. Ra1 Ba7 53. Nd2 Kf7 54. Kh2 Kg7 55. Kh1 Bc5 56. Ne4 Bf8 57. Nd2
b4 58. axb4 Rdxb4 59. b3 axb3 60. Nxb3 e4 61. Ba6 Ra8 62. Ree1 Bd6 63. Be2
Bg3 64. Rxa8 Bxe1 65. Ra1 Bf2 66. Rf1 e3 67. Nc5 Rb2 68. Ne6+ Kh6 69. Bd3
Be4 0-1

[Event "OPEN DE GROS"]
[Site "?"]
[Date "2017.06.29"]
[Round "8.10"]
[White "Alfaro Garcia Del Cerro, Juan"]
[Black "Del Rey, Diego"]
[Result "1-0"]
[WhiteElo "2015"]
[BlackElo "2349"]
[LiveChessVersion "1.4.8"]

1. d4 d6 2. c4 e5 3. Nc3 Nd7 4. Nf3 g6 5. e4 Bg7 6. Be2 Ngf6 7. O-O O-O 8.
Be3 Re8 9. Qc2 exd4 10. Nxd4 c6 11. Rad1 Qe7 12. f3 a6 13. Bf2 Nh5 14. Qd2
Ne5 15. Rfe1 Qf8 16. Be3 Nf6 17. Bf1 b5 18. cxb5 axb5 19. Nxc6 Nxc6 20.
Bxb5 Bb7 21. Qxd6 Qxd6 22. Rxd6 Re6 23. Red1 Bf8 24. Rxe6 fxe6 25. Bc4 Kf7
26. a3 Rc8 27. Ba2 Ba6 28. Na4 Ne5 29. b4 Nc4 30. Bc5 Bb5 31. Bxf8 Bxa4 32.
Rc1 Kxf8 33. Rxc4 Rxc4 34. Bxc4 Ke7 35. Kf2 e5 36. Ke3 Ne8 37. f4 Kf6 38.
h4 Nd6 39. Bd3 h6 40. g3 Nb5 41. Bxb5 Bxb5 42. Kd2 Ba4 43. Kc3 Bb5 44. Kd2
Ke6 45. Ke3 Kd6 46. Kf3 Bd7 47. Ke3 Ke6 48. Kf3 Kf6 49. Ke3 g5 50. hxg5+
hxg5 51. Kf3 exf4 52. gxf4 g4+ 53. Kg3 Kg6 54. Kh4 Kf6 55. a4 Bxa4 56. Kxg4
Bd1+ 57. Kg3 Ba4 58. Kf3 Ke6 59. Ke3 Kd6 60. Kd4 Bb5 61. f5 Ba4 62. e5+ Ke7
63. Ke4 Bc2+ 64. Kf4 Bd3 65. Kg5 Kf7 66. e6+ Ke7 67. Kg6 Be2 68. Kg7 Bh5
69. b5 Kd6 70. b6 Kd5 1-0